Quizzes
Events
Quiz Creation
Community
Videos
Private Events
Remove Ads
Sign In
Join for FREE
Feedback
Dark Mode
Quiz Categories
Sports
Geography
Music
Movies
Television
Just For Fun
Miscellaneous
History
Literature
Language
Science
Gaming
Entertainment
Religion
Holiday
For Kids
Quiz Lab
Recent
Popular Today
Quiz Kudos Today
Editor Picks
Curator Picks
Quizzes by...
Day
Popularity
Type
Ratings
Length
Year
Community
Subscriptions
Recent Discussions
Orange Saloon
Badges
Playlists
Quests
Create
Leaderboards
Showdown
Live 5
Trivia Bingo
Activity
Puzzle Library
Sporcle Events
Private Events
Virtual Trivia
Globe League
Become a Host
Pub Owners
SporcleCon
Opinionation
Our Games
Videos
Blog
Mobile Apps
Partnerships
Remove Ads and Go Orange
Feedback
Just For Fun
Clickable
Get the Picture
Humor
Quick Pick
Word Ladder
Missing Word
Mixed Word
Blitz
Minefield
This or That
Alphabet
Color
Typing
Sporcle
Puzzle
Word Play
Follow That Line
Logic
Just For Fun
Clickable
Get the Picture
Humor
Quick Pick
Word Ladder
Missing Word
Mixed Word
Blitz
Minefield
This or That
Alphabet
Color
Typing
Sporcle
Puzzle
Word Play
Follow That Line
Logic
Random Quiz
Search Sporcle
×
Quiz Lab
Quiz Lab
Just For Fun
Apple Products
Type in answers that appear in a list
Type in answers that appear in a list
Classic
Best Score? Go Orange.
Apple Products Stats
Can you name the Apple Products?
By
drumstix1020
10m
55 Questions
15 Plays
15 Plays
15 Plays
Comments
Comments
Give Quiz Kudos
Give Quiz Kudos
-
- Ratings
hide this ad
More Info
Replay
Link that replays current quiz
Next Quiz
Link to next quiz in quiz playlist
You Got
0%
They Got
Avg Score
36%
Avg Friend Score
Upgrade to see
Score Distribution
Jump to the score distribution portion of the page
Score
0/55
Timer
10:00
0
Plays Today
What Is It?
What Is It?
% Correct
Mobile Device
iPhone
100%
Desktop Computer
Macintosh
93.3%
Laptop
MacBook
93.3%
Mobile Device
iPod
86.7%
Mobile Device
iPad
86.7%
Laptop
MacBook Pro
86.7%
Laptop
MacBook Air
80%
Desktop Computer
iMac
73.3%
Mobile Device
iPhone 4
73.3%
Mobile Device
iPod Nano
66.7%
Mobile Device
iPod Touch
66.7%
Mobile Device
iPhone 3G
66.7%
Mobile Device
iPod Mini
60%
Mobile Device
iPhone 3GS
60%
Mobile Device
iPod Shuffle
53.3%
Mobile Device
iPod Classic
46.7%
Mobile Device
iPad 2
46.7%
Desktop Computer
Mac Pro
46.7%
Desktop Computer
Apple I
40%
Desktop Computer
Apple II
40%
Desktop Computer
Lisa
40%
Laptop
iBook
40%
Media Hardware
AppleTV
40%
Software
iTunes
33.3%
Software
iPhoto
33.3%
Software
Mac OS X
33.3%
Mobile Device
iPod Video
33.3%
Desktop Computer
Apple III
26.7%
What Is It?
What Is It?
% Correct
Desktop Computer
Power Macintosh
26.7%
Laptop
PowerBook
26.7%
Software
Safari
26.7%
Desktop Computer
Mac Mini
26.7%
Software
Final Cut
20%
Software
GarageBand
20%
Software
iMovie
20%
Media Hardware
AppleTV 2
20%
Mobile Device
Newton
13.3%
Desktop Computer
Macintosh XL
13.3%
Desktop Computer
20th Anniversary Macontosh
13.3%
Software
Logic
13.3%
Software
Finder
13.3%
Software
Photobooth
13.3%
Software
Front Row
13.3%
Mobile Device
iPod Photo
13.3%
Peripherals
Airport Express
13.3%
Peripherals
Time Capsule
13.3%
Software
iCal
13.3%
Software
iWeb
6.7%
Software
FaceTime
6.7%
Desktop Computer
Xserve
6.7%
Software
Xsan
6.7%
Software
Mac OS X Server
6.7%
Peripherals
Airport Extreme
6.7%
Software
Time Machine
6.7%
Software
App Store
6.7%
Quiz Playlist
Details
Report
Send in Message
Add To Playlist
More Info:
Current represents the specified product being available still today. Updated in April 2011.
Classic:
Type in answers that appear in a list
Last Updated: Feb 16, 2017
Quiz Scoreboard
CHALLENGE
Sign Up to Join the Scoreboard
Show All
Scores
Hide
Comments
May contain spoilers
Recently Published
Movies - When Are They Set?
by FPL_Elf
Movies
5m
Popular People in 1961
by mucciniale
History
6m
1-10 Letter E Words III
by El_Dandy
Language
2m
More to Explore
Quiz From the Vault
Featured Blog Post
Where Did the Easter Bunny Come From?
hide this ad
You Might Also Like...
Tags
apple
Apple Products
product
Today's Top Quizzes in Just For Fun
Browse Just For Fun
hide this ad
Today's Top Quizzes in Apple Products
Browse Apple Products
Top Contributed Quizzes in Just For Fun
1
Crossword Whiteout! 49
2
Harry Potter Logic - 'In Chains' II
3
Survivor Winners Logic Puzzle
4
Zeroing In: Just For Fun
5
Thermometer Puzzle 25
6
Word Ladder: Ahoy Matey
7
1-30 Clickable Mines
8
Aquarium Logic Puzzle 17
9
Big Thermometer Puzzle 21
10
Edinburgh Fringe jokes 2015
Explore More
Trending Topics
Harry Potter
NBA
Kpop
Anime
Crossword
Marvel
Disney
Puzzle
NFL
WWE
Song
Country
Pokémon
The Office
Soccer
hide this ad
More By:
drumstix1020
Quiz
Plays
Rating
Category
Featured
Created
Apple Products
15
2.00
Just For Fun
Apr 15, 2011
Go to Creator's Profile
Score Distribution
Quiz Creator Spotlight
drumstix1020
Follow
Send a Message
Quizzes Created
-
Created Quiz Play Count
-
More By This Creator
Popular Quizzes Today
1
Find the Countries of Europe - No Outlines Minefield
2
Find the US States - No Outlines Minefield
3
The Countries of the World
4
Popular People in 1961
5
US States
6
1-10 Letter E Words III
7
Find the US States
8
One Thing in Common: World Cities II
More Just For Fun Quizzes
Double Trouble Typing Challenge
Curator's Pick
Trending Quizzes
Risky Map Clicking: Least Populous States A-Z
1-10 Letter F Words
1-10 Letter G Words
One Thing in Common: United Kingdom
Risky Map Clicking: Next State Alphabetically
Recently Updated
Leaping Animals
pecheneg
Reality TV Shows (A-Z)
bhenderson79
Rickey Henderson's Hall of Fame Teammates
pecheneg
Champions League XIs: Arsenal
pecheneg
Quick Pick: Celebrities in WWE's Hall of Fame
aduchscher
A-Z Keypad Blitz II
pecheneg
Multiple Oscar Actors
pecheneg
Mystery Phrase Blitz: Oscar 'Best Actors'
pecheneg
F. Scott Fitzgerald Novels
LTH
Pick 3 Villains
ddd62291
Trending Topics
Harry Potter
Anime
NBA
Disney
Kpop
Crossword
Marvel
WWE
Puzzle
NFL
Soccer
The Office
Pokémon
Song
Country
Your Account Isn't Verified!
In order to create a playlist on Sporcle, you need to verify the email address you used during registration. Go to your
Sporcle Settings
to finish the process.
Report this User
Report this user for behavior that violates our
Community Guidelines
.
Details:
Send Report
Go to the Sporcle.com Mobile Site →
Comments